[Event "DVM U20w 2014"]
[Site "Naumburg (Saale) GER"]
[Date "2014.12.28"]
[Round "4"]
[White "Düssler, Stefanie"]
[Black "Peters, Theresa"]
[Result "1-0"]
[Termination "normal"]
[Board "1.1"]
[WhiteElo "2094"]
[BlackElo "1616"]
[WhiteClock "00:54:51"]
[BlackClock "00:39:36"]
[WhiteTeam "SK Lehrte"]
[BlackTeam "SV 1919 Grimma"]
[PlyCount "59"]
[WhiteFideId "4634780"]
[BlackFideId "12952192"]
[EventCountry "GER"]
[EventRounds "7"]
[EventType "team-swiss"]
[EventDate "2014.12.26"]

1. e4 c5 2. Nf3 a6 3. c3 e6 4. d4 d5 5. exd5 Qxd5 6. Be2 Nc6 7. O-O cxd4 8.
cxd4 Nf6 9. Nc3 Qd8 10. Bf4 Nh5 11. Be3 Nf6 12. h3 Bd6 13. Qb3 O-O 14. Rfd1 Nb4
15. Ne5 Qc7 16. Rac1 Qb8 17. Bf3 Rd8 18. a3 Nbd5 19. Nxd5 Nxd5 20. Bxd5 exd5
21. Qxd5 Be6 22. Qf3 Bxe5 23. dxe5 Rxd1+ 24. Rxd1 Qxe5 25. Qxb7 Rb8 26. Qxa6
Qxb2 27. Qd6 h6 28. Bd4 Qb3 29. Re1 Rc8 30. Qe5 1-0

[Event "DVM U20w 2014"]
[Site "Naumburg (Saale) GER"]
[Date "2014.12.28"]
[Round "4"]
[White "Neumann, Isabel"]
[Black "Schulze, Lara"]
[Result "0-1"]
[Termination "normal"]
[Board "1.2"]
[WhiteElo "1626"]
[BlackElo "1662"]
[WhiteClock "00:52:04"]
[BlackClock "00:28:44"]
[WhiteTeam "SV 1919 Grimma"]
[BlackTeam "SK Lehrte"]
[PlyCount "90"]
[WhiteFideId "12964468"]
[BlackFideId "12956830"]
[EventCountry "GER"]
[EventRounds "7"]
[EventType "team-swiss"]
[EventDate "2014.12.26"]

1. d4 d5 2. Nf3 e6 3. c4 c6 4. Qc2 Nd7 5. g3 Ngf6 6. Bg2 Be7 7. O-O O-O 8. b3
Re8 9. Bb2 Nf8 10. Nc3 b6 11. e4 Bb7 12. Rad1 Rc8 13. e5 N6d7 14. cxd5 exd5 15.
Qe2 Ne6 16. Ne1 f6 17. f4 Nxd4 18. Qh5 Bc5 19. Kh1 Ne6 20. f5 Nef8 21. e6 Ne5
22. Ne4 Qe7 23. Ng5 Bd6 24. Nef3 Nxf3 25. Nxf3 Ba6 26. Rf2 Bc5 27. Nd4 Red8 28.
Rf4 Bd6 29. Qf7+ Qxf7 30. exf7+ Kxf7 31. Nxc6 Bxf4 32. Nxd8+ Rxd8 33. gxf4 Bb7
34. Kg1 g6 35. h4 gxf5 36. h5 Ne6 37. Bc1 Nc5 38. Be3 Ne4 39. Kh2 Rc8 40. Kh3
Rc2 41. Bxe4 fxe4 42. Kg4 Rxa2 43. Rc1 Rg2+ 44. Kh3 Re2 45. Bg1 Ke6 0-1

[Event "DVM U20w 2014"]
[Site "Naumburg (Saale) GER"]
[Date "2014.12.28"]
[Round "4"]
[White "Böhm, Jana"]
[Black "Könze, Heike"]
[Result "1-0"]
[Termination "normal"]
[Board "1.3"]
[WhiteElo "1827"]
[BlackElo "1561"]
[WhiteClock "00:40:32"]
[BlackClock "00:43:33"]
[WhiteTeam "SK Lehrte"]
[BlackTeam "SV 1919 Grimma"]
[PlyCount "67"]
[WhiteFideId "24661589"]
[BlackFideId "12964476"]
[EventCountry "GER"]
[EventRounds "7"]
[EventType "team-swiss"]
[EventDate "2014.12.26"]

1. e4 c5 2. Nf3 d6 3. d4 cxd4 4. Nxd4 Nf6 5. Nc3 a6 6. f3 e5 7. Nb3 Be6 8. Be3
Be7 9. Qd2 Nbd7 10. g4 O-O 11. O-O-O b5 12. Kb1 Nb6 13. Qf2 Nc4 14. Bxc4 bxc4
15. Na5 Qd7 16. g5 Ne8 17. Nd5 Bxd5 18. exd5 Qb5 19. Nc6 Bd8 20. Qd2 Nc7 21.
Qb4 Qxb4 22. Nxb4 Rb8 23. Bd2 Rb7 24. Rhg1 a5 25. Nc6 Nxd5 26. Bxa5 Bxa5 27.
Rxd5 Bc7 28. c3 Re8 29. Rg4 Rb6 30. Rxc4 Kf8 31. b4 Ra8 32. Nxe5 dxe5 33. Rxc7
Re6 34. Rdd7 1-0

[Event "DVM U20w 2014"]
[Site "Naumburg (Saale) GER"]
[Date "2014.12.28"]
[Round "4"]
[White "Hagenbeck-Hübert, Lara"]
[Black "Manusina, Nicole"]
[Result "1/2-1/2"]
[Termination "normal"]
[Board "1.4"]
[WhiteElo "1512"]
[BlackElo "1869"]
[WhiteClock "00:22:20"]
[BlackClock "00:26:48"]
[WhiteTeam "SV 1919 Grimma"]
[BlackTeam "SK Lehrte"]
[PlyCount "49"]
[WhiteFideId "12964484"]
[BlackFideId "24657514"]
[EventCountry "GER"]
[EventRounds "7"]
[EventType "team-swiss"]
[EventDate "2014.12.26"]

1. d4 d5 2. Nf3 Nf6 3. c4 dxc4 4. e3 e6 5. Nc3 a6 6. Bxc4 c5 7. a4 cxd4 8. Qxd4
Qxd4 9. Nxd4 Be7 10. O-O O-O 11. b3 Bd7 12. Bb2 Nc6 13. Nf3 Na5 14. Ne5 Nxc4
15. Nxc4 Rad8 16. Ne5 Bc8 17. Rfd1 Nd7 18. Ne4 Nb6 19. Bd4 Nd5 20. Nc4 h6 21.
Nb6 Bb4 22. Rac1 Ba3 23. Ra1 Bb4 24. Rac1 Ba3 25. Ra1 1/2-1/2

[Event "DVM U20w 2014"]
[Site "Naumburg (Saale) GER"]
[Date "2014.12.28"]
[Round "4"]
[White "Kuckling, Hannah"]
[Black "Lagunow, Elina"]
[Result "1-0"]
[Termination "normal"]
[Board "2.1"]
[WhiteElo "1950"]
[BlackElo "1698"]
[WhiteClock "00:10:17"]
[BlackClock "00:03:38"]
[WhiteTeam "SK Blauer Springer Paderborn"]
[BlackTeam "BSV 63 Chemie Weißensee"]
[PlyCount "75"]
[WhiteFideId "24603660"]
[BlackFideId "4673387"]
[EventCountry "GER"]
[EventRounds "7"]
[EventType "team-swiss"]
[EventDate "2014.12.26"]

1. e4 g6 2. d4 d6 3. Nc3 Bg7 4. f4 c5 5. d5 a6 6. a4 b6 7. Nf3 Nd7 8. Be2 Bb7
9. O-O Qc7 10. Be3 Ngf6 11. h3 O-O 12. Qd2 e6 13. dxe6 fxe6 14. Ng5 Rfe8 15.
Bc4 Nf8 16. f5 gxf5 17. exf5 d5 18. Bf4 Qc6 19. Ba2 exf5 20. Bh2 h6 21. Nf3 Ne4
22. Bxd5+ Qxd5 23. Qxd5+ Bxd5 24. Nxd5 Rad8 25. Nxb6 Nd2 26. Nxd2 Rxd2 27. Nc4
Rxc2 28. Rac1 Rce2 29. Nd6 Rb8 30. Rce1 Rd2 31. Nc4 Bd4+ 32. Kh1 Rbxb2 33. Nxb2
Rxb2 34. Be5 Ra2 35. Bxd4 cxd4 36. Rxf5 Rxa4 37. Re8 Ra1+ 38. Kh2 1-0

[Event "DVM U20w 2014"]
[Site "Naumburg (Saale) GER"]
[Date "2014.12.28"]
[Round "4"]
[White "Koch, Elisabeth"]
[Black "Gatzke, Carolin"]
[Result "0-1"]
[Termination "normal"]
[Board "2.2"]
[WhiteElo "1650"]
[BlackElo "1695"]
[WhiteClock "00:43:44"]
[BlackClock "00:21:49"]
[WhiteTeam "BSV 63 Chemie Weißensee"]
[BlackTeam "SK Blauer Springer Paderborn"]
[PlyCount "54"]
[WhiteFideId "24695068"]
[BlackFideId "12943746"]
[EventCountry "GER"]
[EventRounds "7"]
[EventType "team-swiss"]
[EventDate "2014.12.26"]

1. e4 c5 2. Nc3 a6 3. f4 b5 4. Nf3 Bb7 5. d3 e6 6. g3 d5 7. e5 Nc6 8. Bg2 h5 9.
O-O Nh6 10. h3 Nf5 11. Kh2 Be7 12. Bd2 Qc7 13. a3 Rd8 14. Ne2 d4 15. Qe1 c4 16.
Rd1 Qb6 17. Nc1 a5 18. Qe2 c3 19. bxc3 dxc3 20. Bxc3 Ne3 21. Bb2 b4 22. axb4
Nxb4 23. c3 Nbd5 24. d4 Ba6 25. Nd3 h4 26. Ra1 Nxf1+ 27. Bxf1 Bxd3 0-1

[Event "DVM U20w 2014"]
[Site "Naumburg (Saale) GER"]
[Date "2014.12.28"]
[Round "4"]
[White "Möller, Lisa-Marie"]
[Black "Greßmann, Hanna"]
[Result "1/2-1/2"]
[Termination "normal"]
[Board "2.3"]
[WhiteElo "1475"]
[BlackElo "1691"]
[WhiteTeam "SK Blauer Springer Paderborn"]
[BlackTeam "BSV 63 Chemie Weißensee"]
[PlyCount "85"]
[WhiteFideId "12959367"]
[BlackFideId "12930709"]
[EventCountry "GER"]
[EventRounds "7"]
[EventType "team-swiss"]
[EventDate "2014.12.26"]

1. e4 e5 2. Bc4 Nf6 3. d4 exd4 4. Nf3 Bc5 5. e5 d5 6. exf6 dxc4 7. Qe2+ Be6 8.
fxg7 Rg8 9. Ng5 Rxg7 10. Nxe6 fxe6 11. Qh5+ Rg6 12. Qxc5 Nc6 13. Qxc4 Qf6 14.
Nd2 Rxg2 15. Ne4 Qe5 16. Qe2 O-O-O 17. Ng3 Qxe2+ 18. Kxe2 Rf8 19. Ne4 Rg4 20.
Nc5 Rg2 21. Rf1 Rxh2 22. Bd2 e5 23. Ne4 Rh4 24. f3 Rh2+ 25. Rf2 Rxf2+ 26. Kxf2
Nd8 27. Rh1 Rf7 28. Rh6 Rg7 29. c3 Nf7 30. Rh5 b6 31. Nf6 h6 32. Bxh6 Rg6 33.
Ng4 dxc3 34. bxc3 e4 35. Be3 exf3 36. Kxf3 Nd6 37. Rh8+ Kb7 38. Rh6 Rxh6 39.
Nxh6 Kc6 40. Bd4 Kb5 41. Be3 Kc4 42. Bd2 Nb5 43. Bf4 1/2-1/2

[Event "DVM U20w 2014"]
[Site "Naumburg (Saale) GER"]
[Date "2014.12.28"]
[Round "4"]
[White "Lange, Cecilia"]
[Black "Walow, Xenia"]
[Result "1/2-1/2"]
[Termination "normal"]
[Board "2.4"]
[WhiteElo "1582"]
[BlackElo "1445"]
[WhiteTeam "BSV 63 Chemie Weißensee"]
[BlackTeam "SK Blauer Springer Paderborn"]
[PlyCount "85"]
[WhiteFideId "12976040"]
[BlackFideId "12971839"]
[EventCountry "GER"]
[EventRounds "7"]
[EventType "team-swiss"]
[EventDate "2014.12.26"]

1. e4 c5 2. Nf3 d6 3. d4 cxd4 4. Nxd4 Nf6 5. Nc3 a6 6. Bc4 e6 7. Be3 Be7 8. f3
b5 9. Bb3 Bb7 10. Qd2 Nbd7 11. O-O-O Qc7 12. Ncxb5 axb5 13. Nxb5 Qc6 14. Nxd6+
Bxd6 15. Qxd6 Qxd6 16. Rxd6 O-O 17. Rhd1 Ne5 18. Bd4 Ng6 19. Bxf6 gxf6 20. Rd7
Bc6 21. Rc7 Bb5 22. a3 Rfd8 23. c4 Rxd1+ 24. Bxd1 Be8 25. g3 Ne5 26. f4 Nc6 27.
Kc2 Nd4+ 28. Kc3 e5 29. Bg4 Bc6 30. Bf5 Be8 31. fxe5 Nxf5 32. exf5 fxe5 33. Re7
f6 34. c5 Bb5 35. Re6 Kf7 36. Rd6 Rc8 37. Kb4 Be8 38. Kc4 Rb8 39. b3 Bb5+ 40.
Kc3 Rc8 41. Kb4 Rb8 42. Ka5 Be8 43. a4 1/2-1/2

[Event "DVM U20w 2014"]
[Site "Naumburg (Saale) GER"]
[Date "2014.12.28"]
[Round "4"]
[White "Wilke, Tabea"]
[Black "Spangenberg, Romy"]
[Result "0-1"]
[Termination "normal"]
[Board "3.1"]
[WhiteElo "1722"]
[BlackElo "1806"]
[WhiteTeam "SC 1979 Hattersheim"]
[BlackTeam "Chemnitzer SC Aufbau`95"]
[PlyCount "70"]
[WhiteFideId "12910015"]
[BlackFideId "4627997"]
[EventCountry "GER"]
[EventRounds "7"]
[EventType "team-swiss"]
[EventDate "2014.12.26"]

1. e4 c5 2. Nc3 Nc6 3. Bb5 e6 4. f4 d6 5. Bxc6+ bxc6 6. Nf3 Ba6 7. d3 Ne7 8.
O-O Ng6 9. f5 exf5 10. exf5 Ne5 11. Nxe5 dxe5 12. Qf3 Rc8 13. Re1 Be7 14. Rxe5
O-O 15. Re4 Bf6 16. Ra4 Bd4+ 17. Kh1 Qb6 18. Qg3 Kh8 19. Ra3 c4 20. dxc4 Bxc4
21. Nd1 Qb5 22. Rf3 Bd5 23. f6 g6 24. Rd3 Be4 25. Bh6 Rfe8 26. Nc3 Bxc3 27.
Rxc3 Qxb2 28. Rf1 Qb5 29. Qf2 Rcd8 30. Rh3 Bxc2 31. Bg7+ Kg8 32. Rxh7 Qxf1+ 33.
Qxf1 Kxh7 34. h3 Rd1 35. Qxd1 Bxd1 0-1

[Event "DVM U20w 2014"]
[Site "Naumburg (Saale) GER"]
[Date "2014.12.28"]
[Round "4"]
[White "Nitzsche, Pia"]
[Black "Rosmanitz, Anna"]
[Result "1/2-1/2"]
[Termination "normal"]
[Board "3.2"]
[WhiteElo "1702"]
[BlackElo "1601"]
[WhiteTeam "Chemnitzer SC Aufbau`95"]
[BlackTeam "SC 1979 Hattersheim"]
[PlyCount "85"]
[WhiteFideId "12900370"]
[BlackFideId "12910058"]
[EventCountry "GER"]
[EventRounds "7"]
[EventType "team-swiss"]
[EventDate "2014.12.26"]

1. c4 e6 2. Nc3 Nf6 3. Nf3 d5 4. cxd5 exd5 5. d4 Bg4 6. Bg5 Bxf3 7. exf3 c6 8.
Be2 Nbd7 9. O-O Bd6 10. Bh4 O-O 11. Qc2 Qc7 12. Bg3 Bxg3 13. fxg3 Rfe8 14. Rfe1
Nf8 15. Rad1 Ne6 16. Na4 b6 17. Nc3 Rad8 18. a3 c5 19. dxc5 Qxc5+ 20. Kh1 d4
21. b4 Qxc3 22. Qb1 Qc7 23. Bb5 Rf8 24. Rc1 Qd6 25. Red1 Rc8 26. Qd3 Rxc1 27.
Rxc1 Nd5 28. f4 Ndc7 29. Ba4 a5 30. Rc6 Qe7 31. Rxb6 axb4 32. Rxb4 Nc5 33. Qd1
Nxa4 34. Rxa4 Re8 35. h3 Nb5 36. Qf3 Qe1+ 37. Kh2 Qd2 38. Ra8 Nc7 39. Rxe8+
Nxe8 40. Qe4 Qe3 41. Qxe3 dxe3 42. Kg1 Nd6 43. Kf1 1/2-1/2

[Event "DVM U20w 2014"]
[Site "Naumburg (Saale) GER"]
[Date "2014.12.28"]
[Round "4"]
[White "Neisius, Laura"]
[Black "Hartewig, Anja"]
[Result "0-1"]
[Termination "normal"]
[Board "3.3"]
[WhiteElo "1372"]
[BlackElo "1806"]
[WhiteTeam "SC 1979 Hattersheim"]
[BlackTeam "Chemnitzer SC Aufbau`95"]
[PlyCount "70"]
[WhiteFideId "12910040"]
[BlackFideId "12917966"]
[EventCountry "GER"]
[EventRounds "7"]
[EventType "team-swiss"]
[EventDate "2014.12.26"]

1. e4 d6 2. d4 Nf6 3. Nc3 g6 4. Be2 Bg7 5. g4 c5 6. d5 a6 7. a4 O-O 8. h4 Nbd7
9. Bf4 Qa5 10. Kf1 Qb4 11. Qd3 Ne8 12. Rb1 Ne5 13. Qe3 Bxg4 14. Bh6 Bxe2+ 15.
Ngxe2 Ng4 16. Qg5 Nxh6 17. h5 Nf6 18. hxg6 fxg6 19. Rh4 Nfg4 20. f4 Ne3+ 21.
Kg1 Nxc2 22. f5 Nd4 23. Kg2 Nxe2 24. Nxe2 Qc4 25. Re1 Nxf5 26. exf5 Qxd5+ 27.
Kg3 Qxf5 28. Qxf5 Rxf5 29. b3 Raf8 30. Kh3 Rf3+ 31. Ng3 Be5 32. Rg4 Rxb3 33.
Kg2 Rxg3+ 34. Rxg3 Bxg3 35. Kxg3 b5 0-1

[Event "DVM U20w 2014"]
[Site "Naumburg (Saale) GER"]
[Date "2014.12.28"]
[Round "4"]
[White "Fischer, Franziska"]
[Black "Goldhausen, Nina"]
[Result "1-0"]
[Termination "normal"]
[Board "3.4"]
[WhiteElo "1764"]
[BlackElo "1179"]
[WhiteTeam "Chemnitzer SC Aufbau`95"]
[BlackTeam "SC 1979 Hattersheim"]
[PlyCount "111"]
[WhiteFideId "12924199"]
[BlackFideId "12927309"]
[EventCountry "GER"]
[EventRounds "7"]
[EventType "team-swiss"]
[EventDate "2014.12.26"]

1. d4 d5 2. e3 Nf6 3. Bd3 c5 4. c3 cxd4 5. cxd4 Nc6 6. Nc3 Bg4 7. Nf3 e6 8. O-O
Be7 9. Be2 O-O 10. Qb3 Qc7 11. Bd2 a6 12. h3 Bf5 13. Rac1 Rac8 14. Na4 Bd6 15.
Nc5 Rb8 16. Qc3 Qe7 17. Nxa6 bxa6 18. Qxc6 Rxb2 19. Qxa6 Ne4 20. Bc3 Nxc3 21.
Rxc3 Rbb8 22. Rfc1 Qd7 23. Qc6 Qxc6 24. Rxc6 Rfd8 25. a4 Ra8 26. Bb5 f6 27. Ra1
Bg6 28. a5 Be8 29. Rb6 Bxb5 30. Rxb5 Rdb8 31. Rxb8+ Rxb8 32. a6 Ra8 33. Nd2 Bb8
34. Nb3 Ba7 35. Nc5 Bxc5 36. dxc5 Kf7 37. a7 Ke7 38. Ra6 Kd7 39. c6+ Kc7 40.
Kf1 Kc8 41. Ke2 Kc7 42. Kd3 Kc8 43. f4 Kc7 44. Kd4 Kd6 45. Kd3 Kc7 46. e4 dxe4+
47. Kxe4 Kd6 48. f5 e5 49. g4 Ke7 50. h4 Kd6 51. g5 Ke7 52. gxf6+ gxf6 53. c7
Kd7 54. Rxf6 Rxa7 55. Rf7+ Kd6 56. c8=N+ 1-0

[Event "DVM U20w 2014"]
[Site "Naumburg (Saale) GER"]
[Date "2014.12.28"]
[Round "4"]
[White "Halas, Lena"]
[Black "Wiesner, Paula"]
[Result "1-0"]
[Termination "normal"]
[Board "4.1"]
[WhiteElo "1656"]
[BlackElo "1902"]
[WhiteTeam "USG Chemnitz"]
[BlackTeam "Karlsruher SF 1853"]
[PlyCount "127"]
[WhiteFideId "12931799"]
[BlackFideId "24654019"]
[EventCountry "GER"]
[EventRounds "7"]
[EventType "team-swiss"]
[EventDate "2014.12.26"]

1. e4 e6 2. d4 d5 3. exd5 exd5 4. Bd3 Nc6 5. c3 Bd6 6. Nf3 Bg4 7. O-O Qd7 8.
Re1+ Nge7 9. Nbd2 O-O-O 10. a3 h5 11. h3 Bf5 12. Qe2 Ng6 13. Bxf5 Qxf5 14. Nf1
Nf4 15. Bxf4 Bxf4 16. Ne3 Qf6 17. Qb5 Ne7 18. a4 g5 19. Qc5 Kb8 20. a5 a6 21.
Ne5 g4 22. N3xg4 hxg4 23. Nxg4 Qg6 24. Qxe7 f5 25. Re6 Qh5 26. Nf6 Qg5 27. Nd7+
Kc8 28. Qxg5 Bxg5 29. Ne5 Rde8 30. Rxe8+ Rxe8 31. Re1 c6 32. g3 Kc7 33. h4 Bf6
34. Kg2 Re7 35. h5 Rh7 36. Rh1 c5 37. f4 cxd4 38. cxd4 Be7 39. Rc1+ Kd6 40. b4
Rxh5 41. b5 Bf6 42. bxa6 bxa6 43. Rc6+ Ke7 44. Rxa6 Bxe5 45. dxe5 Rh8 46. Rd6
Rb8 47. Rxd5 Rb2+ 48. Kf3 Rb3+ 49. Kf2 Rb2+ 50. Ke3 Ra2 51. Kf3 Ra3+ 52. Kg2
Ke6 53. Rd6+ Ke7 54. a6 Ra4 55. Rb6 Kd8 56. Rh6 Kc7 57. Rh7+ Kc6 58. a7 Kd5 59.
Rd7+ Kc6 60. e6 Ra3 61. Rf7 Kd6 62. e7 Kd7 63. e8=Q+ Kxe8 64. Rh7 1-0

[Event "DVM U20w 2014"]
[Site "Naumburg (Saale) GER"]
[Date "2014.12.28"]
[Round "4"]
[White "Mangei, Jasmin"]
[Black "Kluge, Leyla"]
[Result "1-0"]
[Termination "normal"]
[Board "4.2"]
[WhiteElo "1804"]
[BlackElo "1625"]
[WhiteTeam "Karlsruher SF 1853"]
[BlackTeam "USG Chemnitz"]
[PlyCount "61"]
[WhiteFideId "12951803"]
[BlackFideId "12918172"]
[EventCountry "GER"]
[EventRounds "7"]
[EventType "team-swiss"]
[EventDate "2014.12.26"]

1. e4 c5 2. Nf3 Nc6 3. Bb5 g6 4. Bxc6 bxc6 5. O-O Bg7 6. d3 d6 7. Nbd2 Nf6 8.
Re1 O-O 9. e5 Nd5 10. Nc4 Nb6 11. Bf4 d5 12. Ncd2 Na4 13. Rb1 Rb8 14. Nb3 Bg4
15. h3 Bf5 16. Qc1 Qc8 17. e6 Rb7 18. exf7+ Rxf7 19. Ne5 Bxe5 20. Bxe5 Rb4 21.
Qe3 c4 22. Nd4 c5 23. Nxf5 Qxf5 24. a3 d4 25. Qg3 Rxb2 26. Rxb2 Nxb2 27. dxc4
Qxc2 28. Bf4 Nd3 29. Bh6 Qb2 30. Rf1 Qb3 31. Qc7 1-0

[Event "DVM U20w 2014"]
[Site "Naumburg (Saale) GER"]
[Date "2014.12.28"]
[Round "4"]
[White "Oltmanns, Bianca"]
[Black "Henke, Hanna"]
[Result "1-0"]
[Termination "normal"]
[Board "4.3"]
[WhiteElo "1746"]
[BlackElo "1277"]
[WhiteTeam "USG Chemnitz"]
[BlackTeam "Karlsruher SF 1853"]
[PlyCount "41"]
[WhiteFideId "24698008"]
[BlackFideId "12964441"]
[EventCountry "GER"]
[EventRounds "7"]
[EventType "team-swiss"]
[EventDate "2014.12.26"]

1. e4 c5 2. Nf3 d6 3. d4 cxd4 4. Nxd4 Nf6 5. Nc3 g6 6. f3 Bg7 7. Be3 O-O 8. Bc4
Nc6 9. Qd2 Bh8 10. O-O-O a5 11. g4 Ne5 12. Bb3 Bd7 13. a3 Qb8 14. h4 b5 15. h5
b4 16. hxg6 bxc3 17. gxh7+ Nxh7 18. Qh2 cxb2+ 19. Kb1 Kg7 20. Qh6+ Kg8 21.
Qxh7# 1-0

[Event "DVM U20w 2014"]
[Site "Naumburg (Saale) GER"]
[Date "2014.12.28"]
[Round "4"]
[White "Bykov, Ilona"]
[Black "Schwendel, Marleen"]
[Result "1/2-1/2"]
[Termination "normal"]
[Board "4.4"]
[WhiteElo "1117"]
[BlackElo "938"]
[WhiteTeam "Karlsruher SF 1853"]
[BlackTeam "USG Chemnitz"]
[PlyCount "92"]
[WhiteFideId "12964433"]
[BlackFideId "16200357"]
[EventCountry "GER"]
[EventRounds "7"]
[EventType "team-swiss"]
[EventDate "2014.12.26"]

1. e4 e5 2. Nf3 Nc6 3. Bc4 Bc5 4. c3 Nf6 5. d4 exd4 6. cxd4 Bb4+ 7. Nc3 Nxe4 8.
O-O Bxc3 9. d5 Ne5 10. Nxe5 Bxe5 11. Re1 Qe7 12. Qe2 d6 13. Qxe4 O-O 14. Bf4 f6
15. Bd3 g6 16. Rac1 Bf5 17. Qf3 Bxd3 18. Qxd3 Qd7 19. Qd2 Bxf4 20. Qxf4 c6 21.
Qd4 cxd5 22. Qxd5+ Qf7 23. Qxd6 Qxa2 24. Rc7 Rae8 25. Rd1 Qe6 26. Qb4 Qe2 27.
Ra1 Re5 28. h3 Qb5 29. Qd4 Rf7 30. Rc3 Rd7 31. Qxa7 Qxb2 32. Rc8+ Kg7 33. Rcc1
Re2 34. Rcb1 Qc2 35. Rxb7 Rxb7 36. Qxb7+ Kh6 37. Qb6 f5 38. Qd4 Qe4 39. Qc5
Re1+ 40. Rxe1 Qxe1+ 41. Kh2 Qe4 42. Qf8+ Kg5 43. Qd8+ Kh6 44. Qd2+ g5 45. Qd6+
Kh5 46. Qd1+ g4 1/2-1/2

[Event "DVM U20w 2014"]
[Site "Naumburg (Saale) GER"]
[Date "2014.12.28"]
[Round "4"]
[White "Reck, Jessica"]
[Black "Baumann, Eva"]
[Result "1-0"]
[Termination "normal"]
[Board "5.1"]
[WhiteElo "1638"]
[BlackElo "1608"]
[WhiteTeam "Leegebrucher Schachfreunde"]
[BlackTeam "SK Münster"]
[PlyCount "61"]
[WhiteFideId "12917931"]
[BlackFideId "12998788"]
[EventCountry "GER"]
[EventRounds "7"]
[EventType "team-swiss"]
[EventDate "2014.12.26"]

1. d4 d5 2. c4 e6 3. Nf3 Nf6 4. g3 Be7 5. cxd5 exd5 6. Bg2 O-O 7. O-O c6 8. Nc3
Nbd7 9. Qc2 Nb6 10. b3 Be6 11. Bb2 Rc8 12. Rac1 a6 13. Rfe1 Qc7 14. e4 Rfe8 15.
Ng5 h6 16. Nxe6 fxe6 17. e5 Nfd7 18. Bh3 Nf8 19. Re3 c5 20. Ne2 Na8 21. Rc3 Qb8
22. dxc5 Qxe5 23. Rc4 Qc7 24. Rg4 e5 25. Qf5 Bg5 26. f4 exf4 27. Nxf4 Qf7 28.
Qd3 Nc7 29. Rf1 Qe7 30. Nxd5 Red8 31. Nxe7+ 1-0

[Event "DVM U20w 2014"]
[Site "Naumburg (Saale) GER"]
[Date "2014.12.28"]
[Round "4"]
[White "van Lindt, Chiara"]
[Black "Wolff, Marie Antoinette"]
[Result "0-1"]
[Termination "normal"]
[Board "5.2"]
[WhiteElo "1507"]
[BlackElo "1651"]
[WhiteTeam "SK Münster"]
[BlackTeam "Leegebrucher Schachfreunde"]
[PlyCount "80"]
[WhiteFideId "12966762"]
[BlackFideId "12908258"]
[EventCountry "GER"]
[EventRounds "7"]
[EventType "team-swiss"]
[EventDate "2014.12.26"]

1. Nf3 c5 2. g3 Nc6 3. Bg2 g6 4. O-O Bg7 5. d3 Nf6 6. Nc3 O-O 7. Bf4 a6 8. a4
d6 9. Qd2 Re8 10. Bh6 Bh8 11. e4 Rb8 12. Rfe1 b5 13. axb5 axb5 14. Qc1 b4 15.
Ne2 Bb7 16. Qb1 Ng4 17. Bf4 Nge5 18. Qa2 Nxf3+ 19. Bxf3 Ba8 20. Bg2 Qb6 21. Qb3
Ne5 22. Ra2 Rec8 23. Bxe5 Bxe5 24. Rea1 Bb7 25. Kh1 c4 26. dxc4 Qxf2 27. Qd3
Qc5 28. b3 Bxa1 29. Rxa1 Ra8 30. Rf1 Rf8 31. Nd4 Qe5 32. Kg1 Qc5 33. Kh1 e5 34.
Nb5 Ra6 35. Rd1 Rfa8 36. Bf3 Ra1 37. Nxd6 Rxd1+ 38. Qxd1 Rd8 39. Nxb7 Rxd1+ 40.
Bxd1 Qa7 0-1

[Event "DVM U20w 2014"]
[Site "Naumburg (Saale) GER"]
[Date "2014.12.28"]
[Round "4"]
[White "Sauer, Annika"]
[Black "Henke, Jennifer"]
[Result "0-1"]
[Termination "normal"]
[Board "5.3"]
[WhiteElo "1582"]
[BlackElo "1483"]
[WhiteTeam "Leegebrucher Schachfreunde"]
[BlackTeam "SK Münster"]
[PlyCount "90"]
[WhiteFideId "12952052"]
[BlackFideId "12998850"]
[EventCountry "GER"]
[EventRounds "7"]
[EventType "team-swiss"]
[EventDate "2014.12.26"]

1. d4 d5 2. Nf3 Nf6 3. e3 e6 4. Bd3 Be7 5. O-O O-O 6. b3 b6 7. Nbd2 c5 8. Bb2
Bb7 9. Ne5 Nbd7 10. c4 Rc8 11. Rc1 Nxe5 12. dxe5 Nd7 13. Qc2 g6 14. f4 Nb8 15.
Nf3 Nc6 16. cxd5 Nb4 17. Qb1 Nxd5 18. Rfe1 Qc7 19. a3 Rfd8 20. g3 Nxf4 21. exf4
Bxf3 22. Be4 Bxe4 23. Qxe4 Qc6 24. Qxc6 Rxc6 25. Red1 Rcc8 26. Kf2 Rxd1 27.
Rxd1 Rd8 28. Rxd8+ Bxd8 29. Ke3 Kf8 30. Kd3 Ke8 31. Kc4 Kd7 32. Kb5 Kc7 33. Bc3
Be7 34. b4 cxb4 35. Bxb4 Bxb4 36. axb4 Kb7 37. h3 a6+ 38. Kc4 Kc6 39. g4 Kc7
40. h4 Kc6 41. h5 gxh5 42. gxh5 h6 43. Kd4 a5 44. bxa5 bxa5 45. Kc4 a4 0-1

[Event "DVM U20w 2014"]
[Site "Naumburg (Saale) GER"]
[Date "2014.12.28"]
[Round "4"]
[White "Sturm, Johanna"]
[Black "Denz, Annika"]
[Result "0-1"]
[Termination "normal"]
[Board "6.2"]
[WhiteElo "1635"]
[BlackElo "1500"]
[WhiteTeam "TTC Grün-Weiß Fritzdorf"]
[BlackTeam "SK Freiburg Zähringen"]
[PlyCount "112"]
[WhiteFideId "12909904"]
[BlackFideId "12922935"]
[EventCountry "GER"]
[EventRounds "7"]
[EventType "team-swiss"]
[EventDate "2014.12.26"]

1. e4 e5 2. Nf3 Nc6 3. Bc4 Bc5 4. d3 d6 5. h3 Be6 6. Bb3 h6 7. O-O Qf6 8. Bxe6
fxe6 9. Be3 Nd4 10. Nxd4 exd4 11. Bc1 Ne7 12. Nd2 O-O-O 13. a3 d5 14. Qe2 Ng6
15. Nf3 Bd6 16. Re1 Bf4 17. e5 Qf7 18. Nxd4 Rhf8 19. Nf3 Bxc1 20. Raxc1 Nf4 21.
Qe3 Nxh3+ 22. gxh3 Qxf3 23. Qxf3 Rxf3 24. Kg2 Rdf8 25. Re2 g5 26. Rf1 h5 27. d4
R3f4 28. c3 h4 29. f3 b6 30. Rd2 c5 31. b3 Kb7 32. b4 cxd4 33. Rxd4 Rxd4 34.
cxd4 Rc8 35. f4 Rc2+ 36. Kg1 Rc3 37. f5 exf5 38. Rxf5 Rxa3 39. Rxg5 Rxh3 40.
Rg7+ Ka6 41. Kf2 Rd3 42. Rg4 Kb5 43. Rxh4 Kc6 44. Ke2 Rg3 45. Rh6+ Kb5 46. Rh7
a6 47. Rh6 a5 48. bxa5 bxa5 49. Rh1 a4 50. Rc1 a3 51. Kd2 Kb4 52. Ra1 Kb3 53.
Rb1+ Kc4 54. Ra1 Kxd4 55. Re1 a2 56. e6 Rg2+ 0-1

[Event "DVM U20w 2014"]
[Site "Naumburg (Saale) GER"]
[Date "2014.12.28"]
[Round "4"]
[White "Bajorski, Maria Sophie"]
[Black "Schüll, Annika"]
[Result "1-0"]
[Termination "normal"]
[Board "6.3"]
[WhiteElo "1511"]
[BlackElo "1362"]
[WhiteTeam "SK Freiburg Zähringen"]
[BlackTeam "TTC Grün-Weiß Fritzdorf"]
[PlyCount "53"]
[WhiteFideId "24654531"]
[BlackFideId "16200365"]
[EventCountry "GER"]
[EventRounds "7"]
[EventType "team-swiss"]
[EventDate "2014.12.26"]

1. e4 c5 2. Nf3 d6 3. d4 cxd4 4. Nxd4 Nc6 5. Be3 Nf6 6. Nc3 a6 7. Bc4 e6 8. O-O
Be7 9. Qd2 O-O 10. Rad1 Qc7 11. f4 b5 12. Bd3 Bb7 13. Qe1 e5 14. Nf5 g6 15.
Nxe7+ Nxe7 16. fxe5 dxe5 17. Rxf6 Kg7 18. Rf1 Qc6 19. Qh4 Ng8 20. Nd5 Rae8 21.
Nf6 Nxf6 22. Bh6+ Kg8 23. Qxf6 Qxf6 24. Rxf6 Rd8 25. Bxf8 Kxf8 26. Rdf1 Rd7 27.
Kf2 1-0